00430 2200169 4500001002100000008004100021035002000062245003700082100001500119260003700134300002000171020002200191084001400213082000800227650001000235990001500245INLIS000000000003248 ind  a0010-1225000069 aHafalan Shalat DelisacTere Liye aLiye, Tere aDepok :bPT Sabak Grip Nusantara a290c13,5x20 cm a978-623-96074-8-7 a813 LIY h a813 aFiksi a19723/B/26